| 000 | 01147cam a22002655a 4500 | ||
|---|---|---|---|
| 001 | L159658 | ||
| 008 | 151103s2017 xxk f 000 0 eng d | ||
| 035 | _a(Sirsi) u159658 | ||
| 041 | 0 | _aeng | |
| 110 | 2 |
_aKnight Frank _91530 |
|
| 245 | 0 | 0 |
_aIndonesia property investment guide 2017 _h[electronic resource] |
| 250 | _a2nd ed. | ||
| 260 |
_a[S.l.] _bKnight Frank _c2017 |
||
| 520 | _aHelps us to understand the property, legal and tax regulations in Indonesia. Looks at infrastructure development, growth centers and opportunities, office sector, retail sector, single-factory buildings, residential sector and the legal requirements for foreign investors. | ||
| 650 | 2 | 4 | _aPROPERTY INVESTMENT |
| 650 | 2 | 4 | _aINFRASTRUCTURE DEVELOPMENT |
| 651 | 4 | _aIndonesia | |
| 690 |
_aResidential property _96266 |
||
| 690 |
_aCommercial property _96227 |
||
| 690 |
_aInvestments _96250 |
||
| 710 | 1 | _aKPMG | |
| 710 | 1 | _aMakes & Partners | |
| 856 | 4 | 0 |
_uhttps://content.knightfrank.com/research/1286/documents/en/indonesia-property-investment-guide-2017-2017-4769.pdf _zView the item free of charge from the www.knightfrank.com/research |
| 942 | _n0 | ||
| 999 |
_c116077 _d116077 |
||